Challenges to Chinese foreign policy : (Record no. 92606)

MARC details
000 -LEADER
fixed length control field 00820nam a22002297a 4500
005 - DATE AND TIME OF LATEST TRANSACTION
control field 20150417110937.0
010 ## - LCCN (DPL NO)
LC control number ENG-112539
020 ## - INTERNATIONAL STANDARD BOOK NUMBER
International Standard Book Number 9789381904619
Terms of availability 1599.00
035 ## - SYSTEM CONTROL NUMBER
System control number EN-96071
037 ## - SOURCE OF ACQUISITION
Source of stock number/acquisition DBAD/PUB
082 ## - DEWEY DECIMAL CLASSIFICATION NUMBER
Classification number 327.51
245 00 - TITLE STATEMENT
Title Challenges to Chinese foreign policy :
Statement of responsibility, etc edited by Yufan Hao, C.X. George Wei [and] Lowell Dittmer
Remainder of title diplomacy, globalization and the next world power /
260 ## - PUBLICATION, DISTRIBUTION, ETC. (IMPRINT)
Place of publication, distribution, etc New Delhi
Name of publisher, distributor, etc KW Publishers
Date of publication, distribution, etc 2013 (repr.)
270 ## - ADDRESS
Address 4676/21, First Floor, Ansari Road, Daryaganj,
City New Delhi
Postal code 110002
300 ## - PHYSICAL DESCRIPTION
Extent vi,377p.
Dimensions 24cm(Hb)
490 ## - SERIES STATEMENT
Series statement Asia in the new millennium
500 ## - GENERAL NOTE
General note Includes bibliographical references and index.
700 ## - ADDED ENTRY--PERSONAL NAME
Personal name Hao, Yufan
700 ## - ADDED ENTRY--PERSONAL NAME
Personal name Wei, C.X. George
700 ## - ADDED ENTRY--PERSONAL NAME
Personal name Dittmer, Lowell
942 ## - ADDED ENTRY ELEMENTS (KOHA)
Source of classification or shelving scheme Dewey Decimal Classification
Item type English Books
Call number suffix CHA
Classification part 327.51
Holdings
Withdrawn status Lost status Not for loan Collection code Home library Current library Date acquired Source of acquisition Cost, normal purchase price Full call number Barcode Copy number Cost, replacement price Koha item type
    Not For Loan Non-fiction D.B.Act.Division D.B.Act.Division 30/03/2015 DBAD/PUB 1599.00 327.51 CHA EN-96071 1 1599.00 English Books

© Delhi Public Library
Hit Counter
free hit counter